[Event "Bayern-chTT (RL Nord-Ost)"]
[Site "Bayern 2008/09"]
[Date "2008.11.30"]
[Round "3.8"]
[White "Lutz, Rainer Dr(81)"]
[Black "Zimmermann, Andre(85)"]
[Result "1/2-1/2"]
[WhiteElo "1883"]
[BlackElo "1972"]
[PlyCount "110"]
[EventDate "2009.03.??"]
[EventType "team-tourn"]
[EventRounds "9"]
[WhiteTeam "Bechhofen 1"]
[BlackTeam "Windischeschenbach 1"]

1. c4 Nf6 2. Nf3 g6 3. Nc3 Bg7 4. d4 O-O 5. Bg5 h6 6. Bh4 d6 7. e3 c6 8. Bd3
Nbd7 9. O-O Re8 10. Qc2 Qa5 11. e4 g5 12. Bg3 Nh5 13. Ne2 e5 14. d5 c5 15. Nd2
Nf4 16. f3 Nf6 17. Rfb1 N6h5 18. Nf1 g4 19. Be1 Qd8 20. Nxf4 Nxf4 21. Be2 Qg5
22. Bd1 f5 23. Ng3 gxf3 24. Bxf3 h5 25. Bd2 h4 26. Bxf4 Qxf4 27. Nh5 Qg5 28.
Nxg7 Kxg7 29. b4 cxb4 30. Rxb4 Rf8 31. Re1 b6 32. a4 fxe4 33. Bxe4 Bf5 34. Bxf5
Rxf5 35. Qe2 Raf8 36. c5 Rf2 37. Rg4 Rxe2 38. Rxg5+ Kh6 39. Rxe2 Kxg5 40. c6
Rc8 41. Kf2 Kf6 42. Ke3 Ke7 43. Rf2 Rg8 44. Rc2 Kd8 45. Rc4 Rxg2 46. Rxh4 Ra2
47. h3 Ra3+ 48. Kd2 Ra2+ 49. Kc3 a6 50. Rh8+ Kc7 51. Rh7+ Kc8 52. Rh4 Ra3+ 53.
Kc2 Ra2+ 54. Kd3 Ra3+ 55. Kd2 Ra2+ 1/2-1/2

[Event "Bayern-chTT (RL Nord-Ost)"]
[Site "Bayern 2008/09"]
[Date "2008.11.30"]
[Round "3.2"]
[White "Bauer, Andreas(67)"]
[Black "Seyb, Alexander"]
[Result "0-1"]
[WhiteElo "2125"]
[BlackElo "2241"]
[PlyCount "88"]
[EventDate "2009.03.??"]
[EventType "team-tourn"]
[EventRounds "9"]
[WhiteTeam "Postbauer 1"]
[BlackTeam "Großenseebach 1"]

1. Nf3 Nf6 2. g3 d5 3. Bg2 e6 4. c4 Be7 5. b3 O-O 6. Bb2 c5 7. O-O b6 8. e3 Bb7
9. Qe2 Nbd7 10. Rd1 Qc7 11. Nc3 Rac8 12. Rac1 Qb8 13. cxd5 Nxd5 14. Nxd5 Bxd5
15. d4 Qb7 16. Ne1 Bxg2 17. Nxg2 cxd4 18. Bxd4 Ba3 19. Bb2 Bxb2 20. Qxb2 Nf6
21. Nf4 h6 22. Rxc8 Rxc8 23. Rc1 Rxc1+ 24. Qxc1 Ne4 25. h4 g5 26. Ng2 Qd5 27.
Qc2 a5 28. hxg5 hxg5 29. Ne1 Nc5 30. g4 Kg7 31. f3 Qe5 32. e4 f5 33. gxf5 exf5
34. b4 axb4 35. Qd2 fxe4 36. Qxb4 exf3 37. Qd2 g4 38. Kf1 Kg6 39. Qc2+ Qe4 40.
Qd2 Qc4+ 41. Kg1 Ne4 42. Nd3 Nxd2 43. Ne5+ Kf5 44. Nxc4 Nxc4 0-1

[Event "Bayern-chTT (RL Nord-Ost)"]
[Site "Bayern 2008/09"]
[Date "2008.11.30"]
[Round "3.3"]
[White "Linsenmeyer, Mario"]
[Black "Roeber, Juergen"]
[Result "1-0"]
[WhiteElo "2101"]
[BlackElo "2077"]
[PlyCount "85"]
[EventDate "2009.03.??"]
[EventType "team-tourn"]
[EventRounds "9"]
[WhiteTeam "Großenseebach 1"]
[BlackTeam "Postbauer 1"]

1. d4 Nf6 2. c4 e6 3. Nf3 d5 4. Nc3 Be7 5. e3 O-O 6. b3 c5 7. Bd3 Nc6 8. O-O b6
9. Bb2 cxd4 10. exd4 Ba6 11. Re1 dxc4 12. bxc4 Na5 13. Ne5 Rc8 14. Nb5 Bxb5 15.
cxb5 Bd6 16. Re3 Nd5 17. Bxh7+ Kh8 18. Be4 g6 19. Bxg6 fxg6 20. Nxg6+ Kg7 21.
Nxf8 Nxe3 22. Nxe6+ Kg8 23. fxe3 Qh4 24. Nf4 Nc4 25. Bc1 Bxf4 26. exf4 Re8 27.
g3 Qh7 28. Bd2 Qd3 29. Qg4+ Kf8 30. Bb4+ Kf7 31. Qd7+ Kf6 32. Qxe8 Qxd4+ 33.
Kg2 Qd5+ 34. Kh3 Qf5+ 35. g4 Qh7+ 36. Qh5 Qd3+ 37. Kh4 Ne3 38. Bc3+ Ke7 39.
Qe5+ Kf7 40. Qg7+ Ke8 41. Re1 Kd8 42. Bf6+ Kc8 43. Rc1+ 1-0

[Event "Bayern-chTT (RL Nord-Ost)"]
[Site "Bayern 2008/09"]
[Date "2008.11.30"]
[Round "3.4"]
[White "Sippl, Martin"]
[Black "Seyb, Dieter"]
[Result "0-1"]
[WhiteElo "1983"]
[BlackElo "2239"]
[PlyCount "88"]
[EventDate "2009.03.??"]
[EventType "team-tourn"]
[EventRounds "9"]
[WhiteTeam "Postbauer 1"]
[BlackTeam "Großenseebach 1"]

1. e4 e5 2. Nf3 Nc6 3. Bc4 Nf6 4. d3 Bc5 5. c3 a6 6. Bb3 Ba7 7. Nbd2 d6 8. Qe2
O-O 9. h3 Ne7 10. Nf1 Ng6 11. g3 d5 12. Bg5 dxe4 13. dxe4 h6 14. Bxf6 Qxf6 15.
Ne3 Bxe3 16. Qxe3 Be6 17. Bc2 Rfd8 18. Kf1 Qe7 19. Kg2 f6 20. h4 Qd7 21. Rad1
Qb5 22. b3 Qa5 23. a4 c5 24. Nd2 Qc7 25. Qe2 Ne7 26. Ra1 Nc6 27. Nc4 Na5 28.
Ne3 Nxb3 29. Bxb3 Bxb3 30. c4 b5 31. cxb5 Qb7 32. Nf5 axb5 33. axb5 Rxa1 34.
Rxa1 Be6 35. Qg4 Kh8 36. Ra4 c4 37. f3 Bxf5 38. Qxf5 Qxb5 39. Ra7 Qb6 40. Rf7
c3 41. Rd7 c2 42. Qg6 Rxd7 43. Qe8+ Kh7 44. Qxd7 c1=Q 0-1

[Event "Bayern-chTT (RL Nord-Ost)"]
[Site "Bayern 2008/09"]
[Date "2008.11.30"]
[Round "3.5"]
[White "Rosin, Ralf"]
[Black "Fischer, Erich(41)"]
[Result "1-0"]
[WhiteElo "1986"]
[BlackElo "1933"]
[PlyCount "103"]
[EventDate "2009.03.??"]
[EventType "team-tourn"]
[EventRounds "9"]
[WhiteTeam "Großenseebach 1"]
[BlackTeam "Postbauer 1"]

1. e4 g6 2. d4 Bg7 3. Nf3 d6 4. Nc3 Nc6 5. Be2 Bg4 6. Be3 Bxf3 7. Bxf3 e5 8.
Ne2 exd4 9. Nxd4 Nge7 10. O-O O-O 11. c3 Ne5 12. Be2 N7c6 13. Qc2 Qe7 14. Rad1
Rfd8 15. Rfe1 Nd7 16. f4 Nf6 17. Bf3 Nxd4 18. Bxd4 c6 19. Bf2 Qc7 20. Bh4 Rd7
21. Re2 Re8 22. Red2 h6 23. Kh1 h5 24. h3 Nh7 25. g4 d5 26. e5 g5 27. fxg5 Qd8
28. Re2 Rxe5 29. Rxe5 Bxe5 30. Qf5 Bb8 31. Rg1 hxg4 32. Rxg4 Qe8 33. Bf2 Qe5
34. Qxe5 Bxe5 35. Bxa7 Bd6 36. Bd4 Nf8 37. Rg2 Re7 38. Re2 Rxe2 39. Bxe2 Ne6
40. Be3 Bg3 41. Bg4 Bh4 42. Bxe6 fxe6 43. Kg2 e5 44. Kf3 d4 45. Bd2 c5 46. Ke4
Bf2 47. Kxe5 Be3 48. cxd4 cxd4 49. Be1 Bxg5 50. Kxd4 Bf6+ 51. Kc5 Bxb2 52. a4
1-0

[Event "Bayern-chTT (RL Nord-Ost)"]
[Site "Bayern 2008/09"]
[Date "2008.11.30"]
[Round "3.6"]
[White "Kordts, Florian"]
[Black "Kirch, Daniel"]
[Result "1/2-1/2"]
[WhiteElo "1812"]
[BlackElo "2081"]
[PlyCount "71"]
[EventDate "2009.03.??"]
[EventType "team-tourn"]
[EventRounds "9"]
[WhiteTeam "Postbauer 1"]
[BlackTeam "Großenseebach 1"]

1. c4 e5 2. Nc3 Nc6 3. g3 g6 4. Bg2 Bg7 5. d3 Nf6 6. Rb1 a5 7. a3 O-O 8. b4
axb4 9. axb4 Nd4 10. e3 Ne6 11. Bb2 c6 12. Nf3 Nh5 13. g4 Nf6 14. h3 d6 15. Ne2
Nd7 16. Qb3 Kh8 17. h4 f5 18. g5 f4 19. e4 c5 20. b5 Nd4 21. Nexd4 cxd4 22. Ke2
Nc5 23. Qc2 Bg4 24. Ra1 Qd7 25. Ba3 Kg8 26. Bxc5 dxc5 27. Ra4 Rfc8 28. Rha1
Rxa4 29. Qxa4 Bh5 30. Qa7 Bf8 31. Qb6 Be7 32. Ra7 Rb8 33. Qa5 Bd8 34. Qa3 Bb6
35. Ra8 Qc8 36. Rxb8 1/2-1/2

[Event "Bayern-chTT (RL Nord-Ost)"]
[Site "Bayern 2008/09"]
[Date "2008.11.30"]
[Round "3.7"]
[White "Hofmann, Benjamin(90)"]
[Black "Naegelein, Andreas"]
[Result "1/2-1/2"]
[WhiteElo "1946"]
[BlackElo "1910"]
[PlyCount "86"]
[EventDate "2009.03.??"]
[EventType "team-tourn"]
[EventRounds "9"]
[WhiteTeam "Großenseebach 1"]
[BlackTeam "Postbauer 1"]

1. e4 g6 2. d4 Bg7 3. f4 d5 4. e5 h5 5. Nf3 Bg4 6. Be2 e6 7. O-O Ne7 8. c3 Nf5
9. Ng5 Bxe2 10. Qxe2 Nd7 11. b4 a5 12. b5 c5 13. bxc6 bxc6 14. Ba3 Bf8 15. Bxf8
Kxf8 16. Nd2 Kg7 17. Rab1 Qc7 18. Ngf3 Rhb8 19. Qd3 Rxb1 20. Rxb1 Rb8 21. Rxb8
Qxb8 22. Qa6 Qb5 23. Qxb5 cxb5 24. Kf2 Nb6 25. Ke2 Ne7 26. Kd3 Nc6 27. a3 Kf8
28. Ne1 a4 29. Nc2 Ke8 30. g3 Kd7 31. h3 Na5 32. Ne3 Nb3 33. g4 hxg4 34. hxg4
Nxd2 35. Kxd2 Nc4+ 36. Nxc4 dxc4 37. Ke3 g5 38. fxg5 Ke7 39. g6 fxg6 40. g5 Kd7
41. Kf3 Kc7 42. Ke3 Kc6 43. Ke4 Kc7 1/2-1/2

[Event "Bayern-chTT (RL Nord-Ost)"]
[Site "Bayern 2008/09"]
[Date "2008.11.30"]
[Round "3.8"]
[White "Grimm, Pascal"]
[Black "Rosenzweig, Juergen"]
[Result "1-0"]
[WhiteElo "1878"]
[BlackElo "1802"]
[PlyCount "149"]
[EventDate "2009.03.??"]
[EventType "team-tourn"]
[EventRounds "9"]
[WhiteTeam "Postbauer 1"]
[BlackTeam "Großenseebach 1"]

1. c4 g6 2. Nc3 Bg7 3. d4 d6 4. e4 Nc6 5. Be3 e5 6. Nge2 f5 7. f3 Nf6 8. d5 Ne7
9. Nc1 O-O 10. Be2 Bd7 11. Nb3 a6 12. a4 Qe8 13. c5 Nh5 14. O-O f4 15. Bf2 g5
16. Na5 Rf6 17. Qb3 Rh6 18. Qxb7 Ng3 19. Bxg3 fxg3 20. hxg3 dxc5 21. Nc4 Rc8
22. g4 Qf7 23. g3 Rf6 24. Nxe5 Qe8 25. Nc4 h5 26. e5 Rh6 27. e6 Bd4+ 28. Kg2
Bxe6 29. dxe6 Rxe6 30. Ne4 Nc6 31. Qb3 hxg4 32. Nf2 Rxe2 33. Nd6+ Qe6 34. Qxe6+
Rxe6 35. Nxc8 gxf3+ 36. Kxf3 Re8 37. Rac1 Rxc8 38. Nd3 Rb8 39. Nxc5 Bxb2 40.
Rb1 Bd4 41. Rxb8+ Nxb8 42. Ne6 Be5 43. Nxg5 Nd7 44. Ne4 Nb6 45. Nc5 Bd6 46.
Nxa6 Nxa4 47. Rc1 c5 48. Ra1 Nb6 49. Rb1 Na4 50. Rb7 c4 51. g4 c3 52. Ke3 Nb2
53. Nb4 Be5 54. Nc2 Bg7 55. Kf4 Nc4 56. Kg5 Ne5 57. Kh5 Nd3 58. g5 Nf4+ 59. Kg4
Ng6 60. Rc7 Kf8 61. Ne3 Be5 62. Rc8+ Kf7 63. Nc4 Bg7 64. Nd6+ Ke6 65. Nb5 Ne7
66. Rc4 Kd5 67. Rc7 Ke6 68. Nxc3 Be5 69. Rc4 Kf7 70. Ne2 Kg7 71. Ra4 Kf7 72.
Nf4 Bb2 73. Ra7 Kf8 74. g6 Bc3 75. Rxe7 1-0

[Event "Bayern-chTT (RL Nord-Ost)"]
[Site "Bayern 2008/09"]
[Date "2008.12.14"]
[Round "4.1"]
[White "Seyb, Alexander"]
[Black "Albrecht, Hans(57)"]
[Result "1/2-1/2"]
[WhiteElo "2241"]
[BlackElo "2091"]
[PlyCount "27"]
[EventDate "2009.03.??"]
[EventType "team-tourn"]
[EventRounds "9"]
[WhiteTeam "Großenseebach 1"]
[BlackTeam "Altensittenbach 1"]

1. e4 e6 2. d4 d5 3. Nc3 Bb4 4. Nge2 dxe4 5. a3 Be7 6. Nxe4 Nf6 7. Nxf6+ Bxf6
8. g3 Bd7 9. Bg2 Bc6 10. O-O Bxg2 11. Kxg2 O-O 12. c4 c6 13. Be3 Na6 14. Qc2
1/2-1/2

[Event "Bayern-chTT (RL Nord-Ost)"]
[Site "Bayern 2008/09"]
[Date "2008.12.14"]
[Round "4.2"]
[White "Roeder, Frank"]
[Black "Linsenmeyer, Mario"]
[Result "1/2-1/2"]
[WhiteElo "2153"]
[BlackElo "2101"]
[PlyCount "28"]
[EventDate "2009.03.??"]
[EventType "team-tourn"]
[EventRounds "9"]
[WhiteTeam "Altensittenbach 1"]
[BlackTeam "Großenseebach 1"]

1. e4 c5 2. c3 d5 3. exd5 Qxd5 4. d4 Nf6 5. Nf3 Nc6 6. Na3 Bg4 7. Nb5 O-O-O 8.
Be2 a6 9. Na3 e6 10. Nc4 Kb8 11. Bf4+ Ka7 12. Bc7 Re8 13. Bb6+ Kb8 14. Ne3 Qd7
1/2-1/2

[Event "Bayern-chTT (RL Nord-Ost)"]
[Site "Bayern 2008/09"]
[Date "2008.12.14"]
[Round "4.3"]
[White "Seyb, Dieter"]
[Black "Roeder, Gerd Dr"]
[Result "1/2-1/2"]
[WhiteElo "2239"]
[BlackElo "2209"]
[PlyCount "23"]
[EventDate "2009.03.??"]
[EventType "team-tourn"]
[EventRounds "9"]
[WhiteTeam "Großenseebach 1"]
[BlackTeam "Altensittenbach 1"]

1. e4 g6 2. d4 Bg7 3. c4 d6 4. Nc3 e6 5. Nf3 Ne7 6. Be2 b6 7. O-O Bb7 8. Re1
Nd7 9. a3 a6 10. b4 c5 11. Bb2 Qc7 12. bxc5 1/2-1/2

[Event "Bayern-chTT (RL Nord-Ost)"]
[Site "Bayern 2008/09"]
[Date "2008.12.14"]
[Round "4.4"]
[White "Wallinger, Manfred"]
[Black "Rosin, Ralf"]
[Result "1/2-1/2"]
[WhiteElo "2142"]
[BlackElo "1986"]
[PlyCount "20"]
[EventDate "2009.03.??"]
[EventType "team-tourn"]
[EventRounds "9"]
[WhiteTeam "Altensittenbach 1"]
[BlackTeam "Großenseebach 1"]

1. d4 d5 2. c3 Nf6 3. e3 e6 4. Bd3 c5 5. f4 Nc6 6. Nf3 Ne4 7. O-O f5 8. Ne5 g6
9. Bd2 Bd7 10. Be1 a6 1/2-1/2

[Event "Bayern-chTT (RL Nord-Ost)"]
[Site "Bayern 2008/09"]
[Date "2008.12.14"]
[Round "4.5"]
[White "Kirch, Daniel"]
[Black "Endres, Christian(90)"]
[Result "1/2-1/2"]
[WhiteElo "2081"]
[BlackElo "2002"]
[PlyCount "27"]
[EventDate "2009.03.??"]
[EventType "team-tourn"]
[EventRounds "9"]
[WhiteTeam "Großenseebach 1"]
[BlackTeam "Altensittenbach 1"]

1. d4 Nf6 2. c4 c5 3. d5 e6 4. Nc3 exd5 5. cxd5 d6 6. Nf3 g6 7. Bf4 Bg7 8. Qa4+
Kf8 9. h3 h6 10. e4 Kg8 11. Bd3 Kh7 12. O-O Na6 13. Bxa6 bxa6 14. Qc2 1/2-1/2

[Event "Bayern-chTT (RL Nord-Ost)"]
[Site "Bayern 2008/09"]
[Date "2008.12.14"]
[Round "4.6"]
[White "Ammon, Tobias"]
[Black "Hofmann, Benjamin(90)"]
[Result "1/2-1/2"]
[WhiteElo "1945"]
[BlackElo "1946"]
[PlyCount "24"]
[EventDate "2009.03.??"]
[EventType "team-tourn"]
[EventRounds "9"]
[WhiteTeam "Altensittenbach 1"]
[BlackTeam "Großenseebach 1"]

1. c4 g6 2. Nc3 Bg7 3. g3 e5 4. Bg2 d6 5. Nf3 Nf6 6. d3 O-O 7. O-O Nc6 8. a3
Ne7 9. b4 c6 10. Qc2 Bd7 11. Rb1 Qc7 12. Rd1 Rad8 1/2-1/2

[Event "Bayern-chTT (RL Nord-Ost)"]
[Site "Bayern 2008/09"]
[Date "2008.12.14"]
[Round "4.7"]
[White "Borel, Markus"]
[Black "Roesch, Lothar"]
[Result "1/2-1/2"]
[WhiteElo "1872"]
[BlackElo "1984"]
[PlyCount "21"]
[EventDate "2009.03.??"]
[EventType "team-tourn"]
[EventRounds "9"]
[WhiteTeam "Großenseebach 1"]
[BlackTeam "Altensittenbach 1"]

1. g3 d5 2. Bg2 c5 3. d3 Nc6 4. e4 Nf6 5. Nc3 d4 6. Nce2 e5 7. f4 Bd6 8. f5 b5
9. Nf3 O-O 10. O-O c4 11. h3 1/2-1/2

[Event "Bayern-chTT (RL Nord-Ost)"]
[Site "Bayern 2008/09"]
[Date "2008.12.14"]
[Round "4.8"]
[White "Preisser, Reinhard"]
[Black "Kohlmann, Adrian"]
[Result "1/2-1/2"]
[WhiteElo "1688"]
[BlackElo "1886"]
[PlyCount "20"]
[EventDate "2009.03.??"]
[EventType "team-tourn"]
[EventRounds "9"]
[WhiteTeam "Altensittenbach 1"]
[BlackTeam "Großenseebach 1"]

1. e4 g6 2. d4 Bg7 3. Nf3 d6 4. Bc4 c6 5. O-O d5 6. exd5 cxd5 7. Bb3 Nf6 8. Bf4
O-O 9. Nbd2 Nc6 10. c3 e6 1/2-1/2

[Event "Bayern-chTT (RL Nord-Ost)"]
[Site "Bayern 2008/09"]
[Date "2008.12.14"]
[Round "4.1"]
[White "Kordts, Wolfgang"]
[Black "Gaydarzhy, Pavlo"]
[Result "1-0"]
[WhiteElo "2147"]
[BlackElo "2120"]
[PlyCount "75"]
[EventDate "2009.03.??"]
[EventType "team-tourn"]
[EventRounds "9"]
[WhiteTeam "Postbauer 1"]
[BlackTeam "Regensburg-Fortuna 2"]

1. d4 Nf6 2. c4 g6 3. Nc3 d5 4. Nf3 Bg7 5. cxd5 Nxd5 6. e4 Nxc3 7. bxc3 c5 8.
Rb1 O-O 9. Be2 Nc6 10. d5 Bxc3+ 11. Bd2 Bxd2+ 12. Qxd2 Nd4 13. Nxd4 cxd4 14. h4
e5 15. dxe6 fxe6 16. h5 Qf6 17. hxg6 hxg6 18. Bc4 b6 19. Qh6 Rf7 20. Rb3 g5 21.
Rg3 Qxh6 22. Rxh6 Rg7 23. Bxe6+ Bxe6 24. Rxe6 Rd8 25. Kd2 Kf7 26. Re5 g4 27.
Kd3 Kf6 28. Rf5+ Ke6 29. Rf4 Rdg8 30. Kxd4 Rg5 31. Ra3 R8g7 32. Rf8 Rc5 33. Ra8
Rcc7 34. Ke3 Rgf7 35. Rg8 Rc2 36. f3 Rxg2 37. Rxg4 Rc2 38. Rg6+ 1-0

[Event "Bayern-chTT (RL Nord-Ost)"]
[Site "Bayern 2008/09"]
[Date "2008.12.14"]
[Round "4.2"]
[White "Paerr, Manfred"]
[Black "Bauer, Andreas(67)"]
[Result "0-1"]
[WhiteElo "2118"]
[BlackElo "2125"]
[PlyCount "30"]
[EventDate "2009.03.??"]
[EventType "team-tourn"]
[EventRounds "9"]
[WhiteTeam "Regensburg-Fortuna 2"]
[BlackTeam "Postbauer 1"]

1. e4 c5 2. Nc3 Nc6 3. g3 g6 4. Bg2 Bg7 5. Nge2 e6 6. O-O Nge7 7. d3 O-O 8. Be3
Nd4 9. Qd2 d6 10. Rab1 a5 11. Nf4 Rb8 12. Nce2 e5 13. Nh3 Bxh3 14. Bxd4 Bxg2
15. Kxg2 exd4 0-1

[Event "Bayern-chTT (RL Nord-Ost)"]
[Site "Bayern 2008/09"]
[Date "2008.12.14"]
[Round "4.3"]
[White "Wiesinger, Robert"]
[Black "Wasl, Ernst"]
[Result "0-1"]
[WhiteElo "2217"]
[BlackElo "2054"]
[PlyCount "46"]
[EventDate "2009.03.??"]
[EventType "team-tourn"]
[EventRounds "9"]
[WhiteTeam "Postbauer 1"]
[BlackTeam "Regensburg-Fortuna 2"]

1. e4 e6 2. d4 d5 3. Nc3 Bb4 4. exd5 exd5 5. Bd3 Ne7 6. Qf3 c6 7. Nge2 Nd7 8.
Ng3 Nf8 9. O-O Ne6 10. Nce2 Bd6 11. Qh5 Qb6 12. c3 Bd7 13. b4 a5 14. a3 axb4
15. cxb4 g6 16. Qh4 f5 17. b5 O-O 18. bxc6 bxc6 19. Rb1 Qa7 20. Qh6 Rf7 21. Nf4
Bxa3 22. Bxa3 Qxd4 23. Rb7 Qxf4 0-1

[Event "Bayern-chTT (RL Nord-Ost)"]
[Site "Bayern 2008/09"]
[Date "2008.12.14"]
[Round "4.4"]
[White "Thanner, Hans-Peter"]
[Black "Roeber, Juergen"]
[Result "1/2-1/2"]
[WhiteElo "2032"]
[BlackElo "2077"]
[PlyCount "24"]
[EventDate "2009.03.??"]
[EventType "team-tourn"]
[EventRounds "9"]
[WhiteTeam "Regensburg-Fortuna 2"]
[BlackTeam "Postbauer 1"]

1. e4 c5 2. c3 d5 3. exd5 Qxd5 4. d4 Nc6 5. Nf3 Bg4 6. Be2 e6 7. O-O Nf6 8. Be3
cxd4 9. Nxd4 Bxe2 10. Qxe2 Nxd4 11. Bxd4 Be7 12. Rd1 Qc6 1/2-1/2

[Event "Bayern-chTT (RL Nord-Ost)"]
[Site "Bayern 2008/09"]
[Date "2008.12.14"]
[Round "4.5"]
[White "Sippl, Martin"]
[Black "Fellner, Guido"]
[Result "0-1"]
[WhiteElo "1983"]
[BlackElo "1855"]
[PlyCount "80"]
[EventDate "2009.03.??"]
[EventType "team-tourn"]
[EventRounds "9"]
[WhiteTeam "Postbauer 1"]
[BlackTeam "Regensburg-Fortuna 2"]

1. e4 c5 2. Nf3 d6 3. d4 cxd4 4. Nxd4 Nf6 5. Nc3 a6 6. Bg5 e6 7. f4 Nbd7 8. Qf3
Qc7 9. O-O-O b5 10. Bd3 Bb7 11. Rhe1 b4 12. Nce2 d5 13. Bxf6 Nxf6 14. e5 Nd7
15. Qg3 g6 16. Kb1 Qb6 17. f5 gxf5 18. Bxf5 O-O-O 19. Bh3 Nc5 20. Qf4 Rd7 21.
Ng3 h5 22. Nb3 h4 23. Nxc5 Bxc5 24. Nf1 a5 25. Nd2 Ba6 26. Qg4 Bf2 27. Rh1 a4
28. Qf3 Bd4 29. Qf6 Rhd8 30. Nf3 Bc5 31. Qxh4 a3 32. Qf6 axb2 33. Ng5 Bc4 34.
Kxb2 Bd4+ 35. Kc1 Be3+ 36. Rd2 Qd4 37. Kb1 Qxd2 38. Nf3 Bxa2+ 39. Kb2 Qc3+ 40.
Kxa2 Ra7+ 0-1

[Event "Bayern-chTT (RL Nord-Ost)"]
[Site "Bayern 2008/09"]
[Date "2008.12.14"]
[Round "4.6"]
[White "Albrecht, Stephan(74)"]
[Black "Hoffmann, Ayar"]
[Result "1/2-1/2"]
[WhiteElo "1707"]
[BlackElo "1872"]
[PlyCount "85"]
[EventDate "2009.03.??"]
[EventType "team-tourn"]
[EventRounds "9"]
[WhiteTeam "Regensburg-Fortuna 2"]
[BlackTeam "Postbauer 1"]

1. c4 e6 2. d4 d5 3. Nc3 c6 4. e3 f5 5. Nf3 Nf6 6. Be2 Bd6 7. O-O O-O 8. b3
Nbd7 9. Bb2 Ne4 10. Na4 Qf6 11. Qc1 Rf7 12. Nc5 Qh6 13. Nxd7 Rxd7 14. Ne5 Rd8
15. Ba3 Qf6 16. Bxd6 Rxd6 17. Qa3 Rd8 18. b4 Bd7 19. f3 Ng5 20. Qb3 Be8 21. a4
Nf7 22. Nd3 Nd6 23. Ne5 f4 24. Rfd1 fxe3 25. Qxe3 Nf5 26. Qf2 dxc4 27. Bxc4 Ne7
28. b5 Rd6 29. Rd2 Rad8 30. Rad1 cxb5 31. axb5 Nd5 32. Ng4 Qe7 33. Ra1 b6 34.
Rda2 R8d7 35. Ne5 Rc7 36. Qd2 Rd8 37. Rc1 Rdc8 38. Ra4 Qd6 39. Qa2 Bxb5 40.
Rxa7 Rxa7 41. Qxa7 Qc7 42. Qxc7 Rxc7 43. Kf2 1/2-1/2

[Event "Bayern-chTT (RL Nord-Ost)"]
[Site "Bayern 2008/09"]
[Date "2008.12.14"]
[Round "4.7"]
[White "Kordts, Florian"]
[Black "Braun, Dieter Dr(59)"]
[Result "1/2-1/2"]
[WhiteElo "1812"]
[BlackElo "1692"]
[PlyCount "87"]
[EventDate "2009.03.??"]
[EventType "team-tourn"]
[EventRounds "9"]
[WhiteTeam "Postbauer 1"]
[BlackTeam "Regensburg-Fortuna 2"]

1. c4 Nf6 2. Nf3 g6 3. g3 Bg7 4. Bg2 O-O 5. O-O c6 6. d4 d5 7. Nbd2 Nbd7 8. b3
e6 9. Bb2 Qc7 10. Rc1 Re8 11. Qc2 Nb6 12. Rfe1 Bd7 13. Ne5 Rad8 14. g4 Bc8 15.
g5 Nh5 16. e4 dxe4 17. Nxe4 Nd7 18. Nf3 e5 19. d5 cxd5 20. cxd5 Qxc2 21. Rxc2
Nb6 22. d6 Nd5 23. Rd2 Nhf4 24. Bf1 Bf5 25. Ba3 Bxe4 26. Rxe4 Bf8 27. d7 Re6
28. Bxf8 Kxf8 29. Nxe5 Ke7 30. Bc4 Rxd7 31. Rxf4 Rxe5 32. Rg4 Re1+ 33. Bf1 Nc3
34. Rxd7+ Kxd7 35. a4 Rb1 36. Rb4 b6 37. Kg2 Nd5 38. Rd4 Kd6 39. Bb5 Kc5 40.
Rc4+ Kd6 41. Rc6+ Ke5 42. Bc4 Nf4+ 43. Kf3 Ne6 44. Bxe6 1/2-1/2

[Event "Bayern-chTT (RL Nord-Ost)"]
[Site "Bayern 2008/09"]
[Date "2008.12.14"]
[Round "4.8"]
[White "Haeusler, Florian"]
[Black "Mitterhuemer, Guenter"]
[Result "0-1"]
[WhiteElo "1346"]
[BlackElo "2039"]
[PlyCount "56"]
[EventDate "2009.03.??"]
[EventType "team-tourn"]
[EventRounds "9"]
[WhiteTeam "Regensburg-Fortuna 2"]
[BlackTeam "Postbauer 1"]

1. e4 d5 2. exd5 Nf6 3. Nc3 Nxd5 4. Nxd5 Qxd5 5. d4 Nc6 6. Be3 e5 7. Ne2 Bf5 8.
c3 O-O-O 9. Qb3 Be6 10. Qxd5 Bxd5 11. dxe5 Nxe5 12. Nf4 Bc6 13. Rd1 Rxd1+ 14.
Kxd1 Be7 15. Kc1 Bg5 16. Be2 Bxf4 17. Bxf4 Ng6 18. Bg3 Bxg2 19. Rd1 f5 20. f4
Rd8 21. Re1 Be4 22. b3 Rd6 23. h4 Ne7 24. Rd1 Nd5 25. Kb2 Rg6 26. Bc4 Ne3 27.
Rg1 Ng2 28. Bf7 Rxg3 0-1

[Event "Bayern-chTT (RL Nord-Ost)"]
[Site "Bayern 2008/09"]
[Date "2008.12.14"]
[Round "4.1"]
[White "Burggraf, Michael"]
[Black "Illetsko, Jaroslav"]
[Result "0-1"]
[WhiteElo "2121"]
[BlackElo "2120"]
[PlyCount "80"]
[EventDate "2009.03.??"]
[EventType "team-tourn"]
[EventRounds "9"]
[WhiteTeam "Forchheim 2"]
[BlackTeam "Windischeschenbach 1"]

1. e4 d6 2. d4 g6 3. Nc3 Bg7 4. Be3 a6 5. Qd2 Nd7 6. f3 b5 7. a4 b4 8. Nd1 a5
9. Ne2 Ba6 10. g4 c5 11. Bg2 Bxe2 12. Kxe2 cxd4 13. Bxd4 e5 14. Be3 Qc7 15. Rc1
Nc5 16. b3 Ne7 17. Nb2 Nc6 18. Nc4 Nd4+ 19. Bxd4 exd4 20. Nb2 O-O 21. Nd3 Rae8
22. Kf2 Qc6 23. Nxc5 Qxc5 24. Bf1 f5 25. gxf5 gxf5 26. exf5 Qxf5 27. Bg2 Qf6
28. Rcd1 Bh6 29. Qd3 Be3+ 30. Ke2 Bh6+ 31. Kf1 Be3 32. h4 Kh8 33. Qe2 Rc8 34.
Rh3 Rfe8 35. Qb5 Qe6 36. Rg3 Rxc2 37. Bh3 Rf2+ 38. Ke1 Qe7 39. Rg4 Rxf3 40. Bg2
Bf4+ 0-1

[Event "Bayern-chTT (RL Nord-Ost)"]
[Site "Bayern 2008/09"]
[Date "2008.12.14"]
[Round "4.2"]
[White "Mueller, Christian(72)"]
[Black "Staeblein, Christoph"]
[Result "1-0"]
[WhiteElo "2061"]
[BlackElo "2121"]
[PlyCount "59"]
[EventDate "2009.03.??"]
[EventType "team-tourn"]
[EventRounds "9"]
[WhiteTeam "Windischeschenbach 1"]
[BlackTeam "Forchheim 2"]

1. d4 e6 2. Nf3 Nf6 3. Bf4 b6 4. Nbd2 Bb7 5. e3 d5 6. Bd3 Be7 7. Ne5 O-O 8. Qf3
c5 9. c3 Ba6 10. Nc6 Nxc6 11. Bxa6 Qd7 12. Bd3 Bd6 13. Bg5 Ne8 14. Qh3 f5 15.
g4 g6 16. gxf5 exf5 17. O-O-O Rf7 18. Qg2 Bf8 19. h4 h6 20. Bf4 Kh7 21. Nf3 Rg7
22. Bb5 Qe6 23. dxc5 bxc5 24. Bxc6 Qxc6 25. Ne5 Qa4 26. Qxd5 Nc7 27. Qc4 Qa5
28. Nf7 Qb5 29. Qxb5 Nxb5 30. Rd7 1-0

[Event "Bayern-chTT (RL Nord-Ost)"]
[Site "Bayern 2008/09"]
[Date "2008.12.14"]
[Round "4.3"]
[White "Zier, Oliver"]
[Black "Kalous, Miroslav"]
[Result "1/2-1/2"]
[WhiteElo "2003"]
[BlackElo "2060"]
[PlyCount "55"]
[EventDate "2009.03.??"]
[EventType "team-tourn"]
[EventRounds "9"]
[WhiteTeam "Forchheim 2"]
[BlackTeam "Windischeschenbach 1"]

1. d4 Nf6 2. c4 e6 3. Nc3 Bb4 4. Bg5 h6 5. Bh4 c5 6. d5 Bxc3+ 7. bxc3 e5 8. e3
d6 9. Qc2 Nbd7 10. Nf3 Qe7 11. Nd2 g5 12. Bg3 Nh5 13. Bd3 Ndf6 14. O-O O-O 15.
Rae1 Re8 16. f3 Bd7 17. Bf2 Rab8 18. a4 b6 19. g4 Ng7 20. h4 Qd8 21. hxg5 hxg5
22. Kg2 Qc8 23. Rh1 Kf8 24. Rh6 Ke7 25. Reh1 Qa6 26. Ne4 Nxe4 27. fxe4 Bxg4 28.
Bg3 1/2-1/2